| 000 | 00538nam a2200169Ia 4500 | ||
|---|---|---|---|
| 999 |
_c20793 _d20793 |
||
| 003 | OSt | ||
| 005 | 20200611102547.0 | ||
| 008 | 190216s9999||||xx |||||||||||||| ||und|| | ||
| 020 | _a9780195649161 | ||
| 040 | _coclc | ||
| 082 |
_a294.551 _bHAR/V |
||
| 100 |
_aHardy, Friedhelm _92772 |
||
| 245 | 0 |
_aViraha Bhakti The Early Hisory Of Krsna Devotion In South India / _cFriedhelm Hardy |
|
| 260 |
_bOxford University Press, _c1983. _aNew Delhi: |
||
| 300 | _a692p | ||
| 942 |
_cBK _2ddc _h294.551 _iHAR/V _k294.551 _mHAR/V |
||